=LDR 00000nam 2200000 4500 =001 INLIS000000000036396 =005 20200227062637 =035 ##$$a 0010-061300000036396 =008 200227################g##########0#ind## =041 ##$$a Ind =082 ##$$a 155.32 =090 ##$$a 155.32, Mag m =100 ##$$a Magdalena, Merry =245 1#$$a Melindungi anak dari seks bebas /$c Merry Magdalena ; editor, Adint =260 ##$$a Jakarta :$b PT. Gramedia Widiasarana Indonesia,$c 2010 =300 ##$$a 88 hlm. : $b ilus. ; $c 15 x 23 cm =650 #4$$a Psikologi Seks =850 ##$$a NBPNMAT =020 ##$$a 978-979-08-1293-2 =084 ##$$a 155.32 MAG m =500 ##$$a Biografi : hlm. 88 =990 ##$$a 21103192 =990 ##$$a 21103191 =990 ##$$a 21103190